| 000 | 01542nam0a2200373 4500 | ||
|---|---|---|---|
| 001 | RU\NLR\bibl\491247 | ||
| 005 | 20250623195249.0 | ||
| 010 |
_a5-8459-0527-3 _93500 |
||
| 021 |
_aRU _b2003-72162 _93578 |
||
| 035 | _a(NLR Aleph) 000483919 | ||
| 090 |
_a1071110 _c1071110 |
||
| 100 | _a20011112d2003 |||y0rusy50 ca | ||
| 101 | 1 |
_arus _ceng |
|
| 102 | _aRU | ||
| 105 | _aa ||||||||| | ||
| 200 | 1 |
_aБазы данных _eПроектирование, реализация и сопровождение _eТеория и практика _fТомас Коннолли, Каролин Бегг _g[Пер. с англ. Р.Г. Имамутдиновой, К.А. Птицына] |
|
| 205 | _a3-е изд. | ||
| 210 |
_aМ. и др. _cВильямс _d2003 |
||
| 215 |
_a1439 с. _cил. _d24 |
||
| 300 | _aПер. изд:д.: Database Systems / Thomas M. Connolli, Carolyn E. Begg.- Boston etc. | ||
| 313 | _a1 изд.нет | ||
| 320 | _aБиблиогр.: с. 1395-1426 | ||
| 320 | _aПредм. указ.: с. 1427-1439 | ||
| 454 | 0 |
_12001#$aDatabase Systems _1700#1$aConnolli$bT. M.$gThomas M.$4070 _1701#1$aBegg$bC. E.$gCarolyn E.$4070 _tDatabase Systems _aConnolli, Thomas M. |
|
| 606 | 0 |
_aБазы данных _91109468 _3RU\NLR\auth\66118319 |
|
| 686 | _aЗ973.233-018.2 | ||
| 700 | 1 |
_aКоннолли _bТ. _gТомас _4070 |
|
| 701 | 1 |
_aБегг _bК. _gКаролин _4070 |
|
| 801 | 0 |
_aRU _bNLR _c20040216 _gPSBO |
|
| 801 | 1 |
_aRU _bNLR _c20040216 |
|
| 830 | _aАвт. по кн. | ||
| 942 | _cBOOK | ||
| 980 | _aNB | ||